000
00253nam a22001217a 4500
020
_a
0-72141551-2
082
_a
823
_b
DAL/T
100
_a
DALY, AUDREY
245
_a
THUMBELINA
260
_a
UK
_b
LADYBIRD
650
_a
ENGLISH SHORT STORY
_z
UK
942
_c
BK
999
_c
3780
_d
3780